GIS Applications in Agriculture: Volume Four - Conservation Planning /

Na minha lista:
Detalhes bibliográficos
Autor principal: Sassenrath, Gretchen F. (Author)
Outros Autores: Mueller, Tom (Editor)
Formato: Livro
Idioma:inglês
Publicado em: Boca Raton: CRC Press, 2015
Colecção:GIS Applications in Agriculture Series
Assuntos:
Tags: Adicionar Tag
Sem tags, seja o primeiro a adicionar uma tag!

MARC

LEADER 00000nam a22000003a 4500
001 0075349
003 SK-STU
005 20190903115513.4
007 ta
008 190903s ----xo-----e------000-0-----d
020 |a 978-1-4398-6722-8 
040 |a STU  |b slo 
041 0 |b eng  |h eng 
044 |a xxu 
100 1 |a Sassenrath, Gretchen F.  |4 aut  |r Z6 
245 1 0 |a GIS Applications in Agriculture:  |b Volume Four - Conservation Planning /  |c aut. Gretchen F Sassenrath ; ed. Tom Mueller 
260 |a Boca Raton:  |b CRC Press,  |c 2015 
300 |a 276 s. 
490 0 |a GIS Applications in Agriculture Series 
650 0 7 |a GIS systems 
650 0 7 |a agriculture 
700 1 |a Mueller, Tom  |r Z6  |4 edt 
996 |c V* 52922/O-24079  |l VV6  |s P  |a 0  |w 0075349_0001